Paroles SMS-Videoclub - Statistiques

Statistiques générales
  • Ce quiz a été pris 113 fois
  • Le résultat moyen est 81 sur 109
Statistiques - réponses
Hint Réponse % Correct
de
96%
à
94%
je
91%
soir
91%
la
90%
tu
88%
ce
87%
t'en
87%
soirée
86%
peu
84%
sms
84%
tout
84%
c'est
83%
en
83%
matthieu
83%
un
83%
Intégration
82%
nos
82%
veux
82%
aussi
81%
avec
81%
chez
81%
envie
81%
maya
81%
moi
81%
merci
79%
gentil
78%
gère
78%
iguane
78%
j'ai
78%
plastique
78%
viens
78%
Vous
78%
êtes
77%
revoir
77%
emoji
75%
étrange
75%
fleur
75%
insta
75%
pas
75%
promis
75%
sur
75%
coeur
74%
J'y
74%
parle
74%
serai
74%
votre
74%
j'avais
73%
dte
71%
l'heure
71%
relire
71%
toute
70%
des
69%
droles
69%
du
69%
gacher
69%
jlui
68%
peur
68%
tendresse
68%
bonheur
66%
larmes
66%
peux
66%
sont
66%
aller
65%
cette
65%
le
65%
que
65%
t'aurais
65%
ci
64%
fois
64%
passion
64%
dtembrasser
62%
redire
62%
t'inquiètes
62%
une
62%
ça
61%
comme
61%
Emeric
61%
pleurs
58%
ressens
58%
tension
57%
d'une
56%
tentation
56%
hier
55%
temps
53%
arrêté
52%
couleur
52%
penses
49%
s'est
49%
thimothée
18%
Aucun quiz correspondant
Distribution des résultats
% des personnes avec chaque résultat
Percentile par nombre de réponses
Votre historique - résultats
Vous n’avez pas pris ce quiz